Normal view
MARC view
Entry Topical Term
001 - CONTROL NUMBER
- control field: 241321
003 - CONTROL NUMBER IDENTIFIER
- control field: OSt
005 - DATE AND TIME OF LATEST TRANSACTION
- control field: 20251003115445.0
008 - FIXED-LENGTH DATA ELEMENTS
- fixed length control field: 251003|| aca||aabn | a|a d
040 ## - CATALOGING SOURCE
- Original cataloging agency: OSt
- Transcribing agency: OSt
150 ## - HEADING--TOPICAL TERM
- Topical term or geographic name entry element: 5nE
670 ## - SOURCE DATA FOUND
- Source citation: Work cat.: (OSt)143010: Bhat G N Ed 241311, KaLidAsa virachita abhijnAnashAkuntalam: 4 mattu 5nE anka, 2007